1380 1504 1372 1450 1750 1947 1767 1274 1373 1956 1087 1345 1346 1491 1917 1348 1993 1341 1888 1084 1846 1611 2000 1151 1867 1701 1236 1828 1639 1950 1078 1852 1149 1435 1986 1675 1551 1444 1170 1923 1702 1991 1669 1521 1136 1864 1768 1285 1909 1954 1241 1725 1913 1343 1764 1119 1889 1404 1929 1867 1395 1279 1445 1079 1285 1247 1660 1318 1139 1656 1927 1368 1886 1374 1698 1879 1971 1255 1723 1769 1366 1534 1988 1599 1513 1029 1029 1255 1170 1730 1870 1961 1766 1255 1550 1496 1040 1943 1883 BCNSPRNW ULIB Ver.6.0+V

เปลี่ยนเป็นภาษาไทย

Change to English
 แสดงรายละเอียดบรรณานุกรม
  กลับหน้าหลัก

Brief Record : Get Marc (ISO 2709) : E-mail record : QR code < ปิดหน้าต่าง
LEADER : 00000nam 2200000uu 4500
001    13399114060
003     ULIB
008    110627s||||||||th 000 0 tha d
020    9789747503173
090    นว.^bด819ร 2550
100 0  เด็กทะเล
245 00 เริ่มต้นที่ใจ...ลงท้ายที่เธอ/^cเด็กทะเล
250    พิมพ์ครั้งที่ 2
260    กรุงเทพฯ :^bแจ่มใส,^c2550
300    191 หน้า
710 1  แจ่มใส
945    ^p159^l0^i021048
995    ทศพร
999 ^a ใช้งานได้ทุกระบบ
รายการนี้ยังไม่มีแท็ก
คุณยังไม่ได้ล็อกอิน คุณสามารถมีกิจกรรมร่วมกับเว็บไซต์ได้ แต่ต้องล็อกอินก่อน ::
  ล็อกอิน

รายการสื่อสารสนเทศ

ลำดับที่ ประเภท เลขเรียก/บาร์โค้ด สถานที่ สถานะ
1. นวนิยาย
นวนิยาย
นว. ด819ร 2550 ฉ.1 
  Barcode: 021048
ห้องสมุดวิทยาเขตสวรรค์ประชารักษ์
►นวนิยาย
บนชั้น
  ขอยืม

รายการใกล้เคียง
    ผู้แต่ง [เด็กทะเล]

BibComment


ยังไม่เคยถูกคอมเมนท์

คอมเมนท์ทรัพยากรรายการนี้
  คอมเมนท์: เริ่มต้นที่ใจลงท้..


 Copyright 2026. Bcnsprnw @Library